[Event "Match"]
[Site "www.echecsemail.com"]
[Date "2017.07.30"]
[Round "1"]
[White "Winston"]
[Black "Paco"]
[WhiteElo "1940"]
[BlackElo "1940"]
[Result "0-1"]
[Round "1"]
1.e4 e5
2.Ng1f3 Nb8c6
3.Bf1b5 a6
4.Bb5xc6 dxc6
5.d3 Bc8g4
6.Bc1g5 f6
7.Bg5h4 Qd8d6
8.Nb1d2 g5
9.Bh4g3 h5
10.h3 Bg4xf3
11.Qd1xf3 O-O-O
12.O-O h4
13.Bg3h2 Qd6b4
14.Nd2b3 c5
15.a3 Qb4a4
16.Qf3f5 Kb8
17.Rf1c1 Bf8e7
18.Kh1 c4
19.Nb3d2 c3
20.bxc3 Be7xa3
21.d4 exd4
22.Nd2b3 dxc3
23.Ra1a2 Qa4b4
24.Rc1a1 Ba3b2
{ resign }
0-1

[Event "Match"]
[Site "www.echecsemail.com"]
[Date "2017.07.30"]
[Round "1"]
[White "Kevinking"]
[Black "Ketchuplover"]
[WhiteElo "1910"]
[BlackElo "1790"]
[Result "0-1"]
[Round "1"]
1.e4 c6
2.d4 d5
3.Nb1c3 dxe4
4.Nc3xe4 Bc8f5
5.Ne4g3 Bf5g6
6.h4 h6
7.Ng1f3 Ng8f6
8.Nf3e5 Nb8d7
9.Ne5xg6 Rh8g8
10.Bf1d3 e6
11.Ng6f4 Bf8d6
12.Bc1d2 g5
13.hxg5 hxg5
14.Nf4e2 Qd8e7
15.c3 O-O-O
16.Qd1a4 Kb8
17.O-O-O Nd7b6
18.Qa4b3 Rg8g7
19.Ng3h5 Nf6xh5
 { time }
0-1

[Event "Match"]
[Site "www.echecsemail.com"]
[Date "2017.07.30"]
[Round "1"]
[White "Irene"]
[Black "Gambitmiau"]
[WhiteElo "2100"]
[BlackElo "2000"]
[Result "1-0"]
[Round "1"]
1.d4 Ng8f6
2.Nb1c3 d5
3.Ng1f3 Bc8g4
4.h3 Bg4xf3
5.exf3 e6
6.Bf1d3 Bf8b4
7.Bc1d2 O-O
8.a3 Bb4e7
9.Bd2f4 c5
10.dxc5 Be7xc5
11.Bf4e5 Qd8b6
12.O-O Nb8d7
13.Be5xf6 Nd7xf6
14.b4 Bc5d4
15.Qd1d2 Ra8c8
16.Nc3a4 Qb6c6
17.c3 Bd4xc3
18.Na4xc3 Qc6xc3
19.Qd2e3 d4
20.Qe3e2 Rf8e8
21.g4 e5
22.Bd3f5 Qc3c4
23.Qe2b2 Qc4c2
24.Bf5xc2 d3
25.Bc2xd3 Nf6d5
26.Bd3e4 { resign }
1-0

[Event "Match"]
[Site "www.echecsemail.com"]
[Date "2017.07.30"]
[Round "1"]
[White "Ericleo1980"]
[Black "Olivia"]
[WhiteElo "2230"]
[BlackElo "999"]
[Result "1-0"]
[Round "1"]
1.e4 d5
2.exd5 Qd8xd5
3.Nb1c3 Qd5e5
4.Bf1e2 Bc8g4
5.d4 Qe5e6
6.Bc1e3 Bg4f5
7.Ng1f3 Nb8c6
8.d5 Qe6f6
9.dxc6  { time }
1-0

[Event "Match"]
[Site "www.echecsemail.com"]
[Date "2017.07.30"]
[Round "1"]
[White "Billyg"]
[Black "Azocarwagner"]
[WhiteElo "1730"]
[BlackElo "1870"]
[Result "0-1"]
[Round "1"]
1.e4 e5
2.Ng1f3 Nb8c6
3.d4 Ng8f6
4.dxe5 Nf6xe4
5.Qd1e2 Ne4c5
6.Bc1g5 Bf8e7
7.Bg5xe7 Qd8xe7
8.Nb1c3 a6
9.Nc3d5 Qe7d8
10.O-O-O O-O
11.b4 Nc5a4
12.Qe2d3 d6
13.exd6 Qd8xd6
14.Qd3b3 b5
15.Nd5b6 Qd6h6
16.Rd1d2 Bc8e6
17.Qb3d3 Qh6f6
18.c3 Be6c4
19.Nb6xc4 Na4xc3
20.Nc4a5 Ra8d8
21.Qd3c2 Nc6xb4
22.Rd2xd8 Nb4xa2
23.Kd2 Rf8xd8
24.Ke1 Rd8d1
{ resign }
0-1

[Event "Match"]
[Site "www.echecsemail.com"]
[Date "2017.07.30"]
[Round "1"]
[White "Geodad5"]
[Black "Grad"]
[WhiteElo "2110"]
[BlackElo "2169"]
[Result "0-1"]
[Round "1"]
1.e4 c6
2.d4 d5
3.e5 Bc8f5
4.Bf1d3 Bf5xd3
5.Qd1xd3 e6
6.f4 Ng8h6
7.Ng1f3 c5
8.c3 Nb8c6
9.O-O Bf8e7
10.b3 Qd8b6
11.Bc1b2 Ra8c8
12.Nb1d2 O-O
13.h3 Nh6f5
14.g4 cxd4
15.cxd4 Nc6b4
{ resign }
0-1

[Event "Match"]
[Site "www.echecsemail.com"]
[Date "2017.07.30"]
[Round "1"]
[White "Cjood"]
[Black "Aiko1603"]
[WhiteElo "1930"]
[BlackElo "1980"]
[Result "0-1"]
[Round "1"]
1.e4 c5
2.d4 cxd4
3.Qd1xd4 Nb8c6
4.Qd4e3 g6
5.Nb1c3 Bf8g7
6.Bc1d2 d6
7.O-O-O Ng8f6
8.f3 Bc8e6
9.b3 O-O
10.Nc3b1 a5
11.Nb1c3 Nf6d7
12.a4 Nd7c5
13.Nc3b5 Nc6b4
14.Bd2xb4 axb4
15.g4 Qd8b6
16.Nb5d4 Nc5xb3
17.cxb3 Ra8c8
18.Kb2 Rc8c3
19.Qe3d2 Rc3xb3
20.Ka1 Qb6a5
21.Bf1b5 Be6c4
22.f4 Bc4xb5
23.e5 Qa5xa4
{ resign }
0-1

[Event "1/64 Finale"]
[Site "www.chess-mail.com"]
[Date "2017.07.30"]
[Round "1"]
[White "Bojan"]
[Black "Passaroa25"]
[WhiteElo "1980"]
[BlackElo "1680"]
[Result "1-0"]
[Round "1"]
1.e4 c6
2.d4 d6
3.Bc1e3 b5
4.c4 Bc8a6
5.Qd1c2 Qd8a5
6.Be3d2 b4
7.a3 Qa5b6
8.c5 b3
9.cxb6 bxc2
10.Nb1c3 c1Q
11.Ra1xc1 axb6
12.Bf1xa6 Nb8xa6
13.Nc3a2 Ng8f6
14.f3 Ra8c8
15.Ng1e2 e6
16.Bd2e3 Bf8e7
17.O-O O-O
18.g4 b5
19.Rc1c2 g6
20.Kg2 Nf6d7
21.f4 Nd7f6
22.Kf3 Nf6d7
23.g5 Rf8d8
24.h4 Nd7b6
25.d5 c5
26.dxe6 fxe6
27.Rf1c1 Nb6c4
28.Be3f2 Kf7
29.a4 Rc8b8
30.axb5 Rb8xb5
31.Rc2xc4 Rb5xb2
32.Rc4a4 Na6b4
33.Na2xb4 Rb2xb4
34.Ra4xb4 cxb4
35.Rc1b1 d5
36.exd5 Rd8xd5
37.Ne2c1 Rd5d1
38.Bf2e3 b3
39.Rb1xb3 Rd1h1
40.Nc1d3 Rh1xh4
41.Rb3b7 h5
42.Be3c5 Rh4h3
43.Ke4 Rh3xd3
44.Kxd3 h4
45.Bc5xe7 h3
46.Be7f6 Kf8
47.Rb7h7 h2
48.Rh7xh2 e5
49.Rh2h7 Ke8
50.fxe5 { resign }
1-0

[Event "Tourn. n9428"]
[Site "www.chess-mail.com"]
[Date "2017.07.31"]
[Round "1"]
[White "Claymil"]
[Black "Amaya"]
[WhiteElo "2040"]
[BlackElo "1970"]
[Result "0-1"]
[Round "1"]
1.c4 g6
2.Nb1c3 Bf8g7
3.g3 e6
4.Bf1g2 Ng8e7
5.e3 O-O
6.Ng1e2 Nb8c6
7.O-O b6
8.b4 Bc8b7
9.a3 Ra8b8
10.d4 d5
11.cxd5 Ne7xd5
12.Bc1b2 Nd5xc3
13.Bb2xc3 Nc6e7
14.f3 Ne7d5
15.Bc3d2 Bg7h6
16.f4 a5
17.e4 Nd5e7
18.Ne2c3 axb4
19.axb4 Qd8xd4
20.Kh1 Rb8d8
21.Ra1a2 Qd4c4
22.Rf1f2 Qc4xc3
23.Qd1e1 Qc3b3
24.Ra2a1 Rd8a8
25.Ra1b1 Qb3d3
26.Rb1c1 Rf8c8
27.Rc1c3 Qd3d4
28.h3 Bh6g7
29.Rf2e2 Qd4d8
30.Rc3c2 Ne7c6
31.Re2e3 Ra8a1
32.Rc2c1 Rc8a8
33.e5 Ra1xc1
34.Qe1xc1 Qd8d7
35.Bd2e1 Ra8a7
36.Re3c3 Nc6xb4
37.Bg2xb7 Ra7xb7
38.Rc3a3 Bg7f8
39.Ra3a8 Nb4d3
40.Qc1d2 Qd7d5
41.Kg1 Kg7
42.Qd2e2 Bf8c5
43.Kh2 Nd3xe1
44.Qe2xe1 Bc5d4
45.h4 c5
46.Qe1e2 Rb7d7
47.Ra8a6 c4
48.h5 Qd5b5
49.Ra6a2 Qb5c5
50.Ra2c2 b5
51.Qe2g2 Bd4e3
52.hxg6 hxg6
53.Rc2a2 Rd7d8
54.Ra2a8 Rd8d2
{ resign }
0-1

[Event "Tourn. n9358"]
[Site "www.chess-mail.com"]
[Date "2017.07.31"]
[Round "1"]
[White "Stewartborst"]
[Black "A27l"]
[WhiteElo "1469"]
[BlackElo "1360"]
[Result "0-1"]
[Round "1"]
1.e4 e5
2.f4 exf4
3.Ng1f3 d6
4.d4 Bf8e7
5.Bf1c4 h6
6.Bc1xf4 Ng8f6
7.Nb1d2 O-O
8.Qd1e2 Nf6h7
9.O-O-O Be7g5
10.Bf4xg5 Nh7xg5
11.h4 Ng5xf3
12.Qe2xf3 c6
13.Nd2b3 Nb8d7
14.g3 Nd7b6
15.Bc4d3 Bc8d7
16.Rd1f1 Nb6c8
17.e5 dxe5
18.Qf3e4 f5
19.Qe4xe5 Nc8e7
20.Nb3c5 Ne7g6
21.Qe5e4 fxe4
{ resign }
0-1

[Event "Tourn. n9291"]
[Site "www.chess-mail.com"]
[Date "2017.07.31"]
[Round "1"]
[White "Xkafi"]
[Black "Roserl"]
[WhiteElo "2010"]
[BlackElo "2180"]
[Result "0-1"]
[Round "1"]
1.e4 c5
2.Bf1c4 e6
3.d4 cxd4
4.Qd1xd4 Nb8c6
5.Qd4d1 a6
6.a3 d6
7.Ng1f3 Ng8f6
8.Bc1g5 Bf8e7
9.Nb1c3 O-O
10.Bc4b3 b5
11.h4 Bc8b7
12.h5 h6
13.Bg5h4 Qd8c7
14.Qd1d3 Ra8d8
15.Bh4g3 Nc6a5
16.Bb3a2 Rd8c8
17.Bg3f4 Na5c4
18.Ra1b1 Nc4xb2
19.Rb1xb2 Qc7xc3
20.Qd3xc3 Rc8xc3
21.a4 Bb7c6
22.axb5 Bc6xb5
23.Ba2b3 Nf6xe4
24.Nf3d4 d5
25.Nd4xb5 axb5
26.f3 Ne4d6
27.Kd2 Rf8c8
28.Rh1a1 Rc3c6
29.Ra1a7 Be7f6
30.Rb2a2 Nd6c4
31.Bb3xc4 bxc4
32.Ra7b7 e5
33.Bf4g3 Bf6g5
34.Ke2 Bg5f6
35.Ra2a7 Rc8f8
36.Bg3e1 c3
37.Kd3 d4
38.Be1g3 Rc6e6
39.Rb7d7 Bf6g5
40.Rd7d5 Bg5f6
41.Ke4 Rf8e8
42.Ra7a5 g6
43.hxg6 fxg6
44.Bg3h2 h5
45.g3 g5
46.Kf5 Kg7
47.Ra5a7 Re6e7
48.Ra7a6 Re7f7
49.Ke4 Rf7b7
50.Ra6a1 Rb7b2
51.Kd3 g4
52.fxg4 e4
53.Kc4 Rb2xc2
54.Bh2g1 d3
55.Bg1e3 Rc2e2
56.Ra1a7 Kg8
57.Be3h6 c2
58.Ra7b7 d2
59.Rd5xd2 c1Q
{ resign }
0-1

[Event "Tourn. n9432"]
[Site "www.chess-mail.com"]
[Date "2017.07.31"]
[Round "1"]
[White "Guidom"]
[Black "Claymil"]
[WhiteElo "2090"]
[BlackElo "2040"]
[Result "0-1"]
[Round "1"]
1.e4 c5
2.Ng1f3 Nb8c6
3.d4 cxd4
4.Nf3xd4 g6
5.c3 Bf8g7
6.Bf1c4 a6
7.O-O Qd8c7
8.Bc4b3 e6
9.Bc1e3 Ng8e7
10.f4 b5
11.Nb1d2 Bc8b7
12.Qd1e2 O-O
13.Kh1 Rf8d8
14.Ra1d1 d6
15.Nd2f3 Nc6a5
16.Be3c1 Na5xb3
17.axb3 Ne7c6
18.f5 Nc6xd4
19.Nf3xd4 e5
20.Nd4c2 Qc7e7
21.Qe2g4 d5
22.fxg6 hxg6
23.exd5 Rd8xd5
24.Rd1xd5 Bb7xd5
25.b4 Bd5e6
26.Qg4f3 Ra8d8
27.h3 Be6d5
28.Qf3g3 Bd5c4
29.Rf1e1 Rd8d3
30.Qg3f2 f5
31.Qf2b6 Rd3d6
32.Qb6c5 Qe7e6
33.Nc2e3 Rd6c6
34.Qc5a7 Kh7
35.Ne3xc4 Rc6xc4
36.Bc1g5 e4
37.Re1e3 Qe6d6
38.Qa7e7 Qd6xe7
39.Bg5xe7 Rc4c7
40.Be7d6 Rc7d7
41.Bd6f4 Bg7f6
42.Re3e2 g5
43.Bf4e3 Kg6
44.g3 Bf6e5
45.Kg2 Rd7d3
46.Re2d2 Rd3xe3
{ resign }
0-1

[Event "Tourn. n9421"]
[Site "www.chess-mail.com"]
[Date "2017.07.31"]
[Round "1"]
[White "Astroboy"]
[Black "Madz123456"]
[WhiteElo "2000"]
[BlackElo "1800"]
[Result "1-0"]
[Round "1"]
1.c4 e5
2.Nb1c3 Bf8b4
3.Qd1c2 Ng8f6
4.a3 Bb4xc3
5.Qc2xc3 d6
6.g3 O-O
7.Bf1g2 Rf8e8
8.e3 c6
9.Ng1e2 Bc8e6
10.O-O Qd8d7
11.d4 Be6h3
12.Qc3c2 Bh3xg2
13.Kxg2 e4
14.b3 Nb8a6
15.Bc1b2 d5
16.Ne2c3 Na6c7
17.a4 Qd7f5
18.Qc2e2 Ra8d8
19.h4 h5
20.Bb2a3 Nf6g4
21.a5 Qf5d7
22.Nc3a4 Qd7c8
23.Na4c5 b6
24.axb6 axb6
25.Nc5a4 Qc8b7
26.Na4c3 Re8e6
27.Ba3b4 Rd8e8
28.Kg1  { time }
1-0

[Event "Tourn. n9411"]
[Site "www.chess-mail.com"]
[Date "2017.07.31"]
[Round "1"]
[White "Bojan"]
[Black "Hundegana"]
[WhiteElo "1920"]
[BlackElo "2050"]
[Result "1-0"]
[Round "1"]
1.e4 e5
2.Ng1f3 Nb8c6
3.c3 d5
4.Qd1c2 d4
5.d3 Bc8g4
6.Bf1e2 Bg4xf3
7.Be2xf3 dxc3
8.Nb1xc3 Nc6d4
9.Qc2a4 Qd8d7
10.Qa4xd7 Kxd7
11.Bf3d1 Bf8b4
12.Kd2 Ng8f6
13.h3 Ra8d8
14.a3 Bb4xc3
15.bxc3 Nd4e6
16.g3 Kc8
17.Ke2 Ne6c5
18.Bd1c2 Rd8d6
19.Bc1e3 Nc5e6
20.Ra1b1 b6
21.Rh1g1 h5
22.f4 Nf6d7
23.Bc2b3 Kb7
24.Bb3d5 c6
25.Bd5c4 b5
26.Bc4b3 a6
27.a4 Nd7c5
28.Bb3c2 g6
29.f5 gxf5
30.exf5 Ne6d4
31.cxd4 exd4
32.Be3g5 Rh8e8
33.Kf3 f6
34.Bg5f4 Rd6d5
35.g4 hxg4
36.Kxg4 Rd5d7
37.h4 Rd7g7
38.Kh3 Rg7h7
39.axb5 cxb5
40.Rg1g2 Kc6
41.Rb1a1 Kb6
42.Bf4d2 Re8e5
43.Rg2f2 Rh7h5
44.Bd2a5 Kc6
45.Kg4 Rh5h8
46.Rf2f3 Re5e2
47.Bc2d1 Re2g2
48.Kh3 Rg2g1
49.Kh2 Rg1e1
50.Ba5xe1 Rh8e8
51.Be1f2 Kd5
52.Kh3 Re8h8
53.Rf3g3 Ke5
54.Rg3f3 Kd5
55.Rf3f4 Ke5
56.Rf4xd4 Rh8c8
57.h5 Rc8h8
58.Kh4 Kxf5
59.Rd4d5 Kf4
60.Rd5xc5 Rh8a8
61.Rc5xb5 axb5
62.Ra1xa8 b4
63.Bd1b3 f5
64.Bf2g3 Ke3
65.Ra8a4 f4
66.Bg3xf4 Kxf4
67.Ra4xb4 Ke3
68.h6 Kxd3
69.Rb4c4 Kd2
70.h7 Kd3
71.h8Q Kd2
72.Qh8c3 Ke2
73.Rc4e4 Kf2
74.Qc3g3 Kf1
75.Re4e1 { resign }
1-0

[Event "Tourn. n9411"]
[Site "www.chess-mail.com"]
[Date "2017.07.31"]
[Round "1"]
[White "Claymil"]
[Black "Hundegana"]
[WhiteElo "2070"]
[BlackElo "2050"]
[Result "1-0"]
[Round "1"]
1.c4 c5
2.Nb1c3 Ng8f6
3.g3 Nb8c6
4.Bf1g2 e6
5.e3 Bf8e7
6.Ng1e2 O-O
7.O-O a6
8.d4 cxd4
9.exd4 d5
10.c5 b6
11.Qd1a4 Bc8d7
12.Qa4a3 bxc5
13.dxc5 h6
14.b4 Qd8c7
15.Ra1b1 Rf8b8
16.Bc1d2 a5
17.b5 Nc6d8
18.b6 Qc7c6
19.Bd2e3 Nd8b7
20.Rf1c1 Be7xc5
21.Be3xc5 Nb7xc5
22.Ne2d4 Qc6c8
23.Nc3e2 Qc8f8
24.Qa3xc5 Qf8xc5
25.Rc1xc5 Ra8a6
26.b7 g6
27.Bg2f1 Ra6a7
28.Rc5c7 Kf8
29.Nd4c6 Bd7xc6
30.Rc7c8 Kg7
31.Rc8xb8 Nf6d7
32.Rb8d8 Ra7xb7
33.Rb1xb7 Bc6xb7
34.Rd8xd7 Bb7a6
35.Ne2f4 Ba6xf1
36.Kxf1 Kf6
37.Rd7a7 g5
38.Nf4d3 e5
39.Ra7xa5 e4
40.Ra5xd5 exd3
41.Rd5xd3 Ke5
42.a4 Ke4
43.Ke2 f5
44.a5 h5
45.a6 f4
46.a7 fxg3
47.a8Q Kf4
48.fxg3 Kf5
49.Qa8f8 Kg4
50.Qf8c8 { resign }
1-0

[Event "Tourn. n9385"]
[Site "www.chess-mail.com"]
[Date "2017.07.31"]
[Round "1"]
[White "Astroboy"]
[Black "Madz123456"]
[WhiteElo "1499"]
[BlackElo "1540"]
[Result "1-0"]
[Round "1"]
1.d4 Ng8f6
2.Ng1f3 e6
3.c4 b6
4.Nb1c3 Bc8b7
5.Bc1g5 h6
6.Bg5h4 g5
7.Bh4g3 Nf6h5
8.e4 Nh5xg3
9.hxg3 Bf8g7
10.Bf1e2 g4
11.Nf3h4 h5
12.O-O Nb8c6
13.d5 Nc6d4
14.Rf1e1 Bg7e5
15.Ra1b1 Qd8f6
16.Be2d3 a5
17.Qd1d2 O-O
18.Re1e3 Rf8b8
19.Rb1d1 Bb7a6
20.f4 gxf3
21.Nh4xf3 Nd4xf3
22.Re3xf3 Qf6g7
23.Kf2 a4
24.Rd1h1 Be5d4
25.Ke1 a3
26.Rh1xh5 axb2
27.Rh5g5 Bd4xc3
28.Rg5xg7 Bc3xg7
29.Qd2f4 Rb8f8
30.e5 f5
31.exf6 Rf8xf6
32.Qf4xc7 Rf6xf3
33.gxf3 exd5
34.Qc7xd7 Ba6xc4
35.Bd3b1 b5
36.Kd2 d4
37.f4 Ra8a3
38.Bb1e4 Ra3xg3
39.Qd7e8 Bg7f8
40.Kc2 Bc4xa2
41.Kxb2 Ba2f7
42.Qe8d7 Rg3e3
43.Be4h7 Kxh7
44.Qd7xf7  { time }
1-0

[Event "Tourn. n9407"]
[Site "www.chess-mail.com"]
[Date "2017.07.31"]
[Round "1"]
[White "Ditto"]
[Black "Madz123456"]
[WhiteElo "1830"]
[BlackElo "1670"]
[Result "1-0"]
[Round "1"]
1.e4 c5
2.Bf1c4 e6
3.d3 d5
4.Bc4b5 Nb8c6
5.e5 Qd8a5
6.Nb1c3 d4
7.Bb5xc6 bxc6
8.Ng1e2 dxc3
9.Ne2xc3 c4
10.d4 Bc8b7
11.Bc1d2 Ra8d8
12.Nc3e4 Qa5d5
13.f3 c5
14.Ne4xc5 Bf8xc5
15.dxc5 Qd5xe5
16.Qd1e2 Qe5xb2
17.O-O Qb2xc2
18.Rf1d1 Ng8f6
19.a3 Bb7c6
20.Ra1c1  { time }
1-0

[Event "Tourn. n9432"]
[Site "www.chess-mail.com"]
[Date "2017.07.31"]
[Round "1"]
[White "Madz123456"]
[Black "Guidom"]
[WhiteElo "1940"]
[BlackElo "2090"]
[Result "0-1"]
[Round "1"]
1.e4 e5
2.Ng1f3 Nb8c6
3.Bf1b5 a6
4.Bb5a4 Ng8f6
5.d3 Bf8c5
6.O-O d6
7.h3 O-O
8.c3 Bc8e6
9.d4 exd4
10.cxd4 Bc5b6
11.d5 Be6xd5
12.exd5 Nc6b8
13.Nb1c3 Nb8d7
14.Bc1f4 h6
15.a3 Nd7c5
16.Ba4c2 Rf8e8
17.Nf3d4 Nc5e4
18.Nd4f5 Ne4xc3
19.bxc3 Qd8d7
20.Qd1f3 Kh8
21.Nf5xg7 Kxg7
22.Bf4xh6 Kxh6
 { time }
0-1

[Event "Tourn. n9417"]
[Site "www.chess-mail.com"]
[Date "2017.07.31"]
[Round "1"]
[White "Fabos12"]
[Black "Nulladies"]
[WhiteElo "1920"]
[BlackElo "1910"]
[Result "1-0"]
[Round "1"]
1.d4 Ng8f6
2.c4 e6
3.Nb1c3 Bf8b4
4.Bc1g5 h6
5.Bg5h4 O-O
6.e3 g5
7.Bh4g3 Nf6e4
8.Ra1c1 Ne4xg3
9.hxg3 Kg7
10.Qd1h5 Rf8h8
11.Bf1d3 c5
12.Ng1f3 cxd4
13.exd4 d6
14.a3 Qd8e8
15.axb4 f6
16.Nc3e2 Qe8xh5
17.Rh1xh5 Nb8c6
18.b5 Nc6b4
19.Bd3b1 a5
20.Kd2 Bc8d7
21.Ne2c3 f5
22.Nc3a4 Kg6
23.Rc1h1 Ra8c8
24.Na4b6 Rc8c7
25.Nf3xg5 e5
26.d5 Bd7e8
27.Ng5e6 Rc7e7
28.Bb1xf5 Kf6
29.Rh5xh6 Rh8xh6
30.Rh1xh6 Kxf5
31.Nb6c8 Re7f7
32.Nc8xd6 { resign }
1-0

[Event "Tourn. n9456"]
[Site "www.chess-mail.com"]
[Date "2017.07.31"]
[Round "1"]
[White "Astroboy"]
[Black "Panamski"]
[WhiteElo "2320"]
[BlackElo "2220"]
[Result "1-0"]
[Round "1"]
1.e4 e5
2.f4 d6
3.Ng1f3 Bc8g4
4.Nb1c3 Bg4xf3
5.Qd1xf3 Nb8c6
6.Bf1b5 Ng8f6
7.O-O Bf8e7
8.d3 O-O
9.Bc1e3 exf4
10.Qf3xf4 a6
11.Bb5xc6 bxc6
12.Ra1d1 h6
13.Qf4g3 Kh7
14.d4 Ra8b8
15.b3 Qd8c8
16.Be3c1 Qc8g4
17.Qg3d3 g6
18.Qd3xa6 Rb8b6
19.Qa6d3 Nf6h5
20.a4 { resign }
1-0

[Event "Tourn. n9397"]
[Site "www.chess-mail.com"]
[Date "2017.07.31"]
[Round "1"]
[White "Astroboy"]
[Black "Madz123456"]
[WhiteElo "2079"]
[BlackElo "1550"]
[Result "1-0"]
[Round "1"]
1.e4 c5
2.c3 d5
3.exd5 Qd8xd5
4.d4 Nb8c6
5.Ng1f3 Bc8g4
6.Bf1e2 O-O-O
7.O-O e6
8.Bc1e3 Ng8e7
9.h3 Bg4h5
10.Nb1d2 Ne7f5
11.Be2c4 Bh5xf3
12.Qd1a4 Qd5d6
13.Nd2xf3 cxd4
14.cxd4 Kb8
15.Ra1d1 Nf5xe3
16.fxe3 f6
17.Nf3d2 f5
18.Nd2b3 Qd6b4
19.Qa4xb4 Nc6xb4
20.Bc4xe6 g6
21.e4 fxe4
22.Rd1e1 Nb4xa2
23.Re1xe4 Na2b4
24.Rf1f7 Bf8d6
25.Nb3c5 Bd6xc5
26.dxc5 a5
27.Be6d7 Rd8f8
28.Rf7e7 Nb4d5
29.Re7g7 Rf8f4
30.Re4e5 Nd5b4
31.Bd7b5 Nb4c6
32.Bb5xc6 bxc6
33.Re5e6 Rf4b4
34.Re6xc6 Rb4xb2
35.Rc6a6  { time }
1-0

[Event "Tourn. n9456"]
[Site "www.chess-mail.com"]
[Date "2017.07.31"]
[Round "1"]
[White "Pdebonis"]
[Black "Panamski"]
[WhiteElo "2640"]
[BlackElo "2220"]
[Result "1-0"]
[Round "1"]
1.e4 c6
2.d4 d5
3.e5 Bc8f5
4.c3 Bf5xb1
5.Ra1xb1 e6
6.Ng1f3 Qd8b6
7.Bf1d3 c5
8.O-O Nb8c6
9.dxc5 Bf8xc5
10.b4 Bc5e7
11.Qd1a4 f6
12.Rf1e1 Kf7
13.exf6 Be7xf6
14.b5 Nc6d8
15.Qa4f4 Ke7
16.Bc1a3 Kd7
17.c4 { resign }
1-0

[Event "Tourn. n9385"]
[Site "www.chess-mail.com"]
[Date "2017.07.31"]
[Round "1"]
[White "Madz123456"]
[Black "Bjonil60"]
[WhiteElo "1670"]
[BlackElo "1470"]
[Result "0-1"]
[Round "1"]
1.e4 e5
2.Ng1f3 Nb8c6
3.Bf1b5 Ng8e7
4.Nb1c3 Ne7g6
5.d4 Bf8b4
6.Nf3xe5 Ng6xe5
7.dxe5 Nc6xe5
8.Qd1d4 Qd8e7
9.f4 Ne5g6
10.Qd4xg7 Qe7f8
11.Qg7xf8 Ng6xf8
12.Bc1d2 Bb4c5
13.Nc3d5 Bc5d4
14.Nd5xc7 Kd8
15.Nc7xa8 a6
16.Bb5f1 Bd4xb2
17.Ra1b1 Bb2d4
18.Bd2a5 Ke8
19.Na8c7 Kd8
20.Nc7e6 Ke8
21.Ne6xd4 Nf8g6
22.Nd4f5 Ng6e7
23.Nf5d6 Kf8
24.Nd6xc8 Ne7xc8
25.Rb1xb7 Ke8
26.Rb7b8 Ke7
27.Bf1xa6 f6
28.Rb8xc8 Rh8xc8
29.Ba6xc8 h6
30.Kf2 d6
31.Rh1d1 h5
 { time }
0-1

[Event "Tourn. n9381"]
[Site "www.chess-mail.com"]
[Date "2017.07.31"]
[Round "1"]
[White "Astroboy"]
[Black "Madz123456"]
[WhiteElo "1499"]
[BlackElo "1540"]
[Result "1-0"]
[Round "1"]
1.d4 Ng8f6
2.Ng1f3 e6
3.Bc1g5 c5
4.e3 h6
5.Bg5h4 cxd4
6.exd4 Qd8b6
7.b3 g5
8.Bh4g3 Nf6e4
9.c3 d5
10.Bf1d3 Ne4xg3
11.hxg3 Bf8g7
12.Nb1d2 Nb8c6
13.O-O g4
14.Nf3h4 h5
15.Qd1e2 Qb6c7
16.b4 Nc6e7
17.Rf1c1 Bc8d7
18.a4 a5
19.Nd2b3 axb4
20.cxb4 Qc7d6
21.b5 Qd6b4
22.Ra1b1 Bg7xd4
23.Rc1c7 b6
24.Nb3c5 Qb4xc5
25.Rc7xc5 Bd4xc5
26.Qe2e5 Rh8f8
27.Rb1a1 Kd8
28.Ra1c1 Ke8
29.Rc1xc5 bxc5
30.b6 Bd7c6
31.Bd3b5 Ra8d8
32.Nh4f5  { time }
1-0

[Event "Match"]
[Site "www.echecsemail.com"]
[Date "2017.07.31"]
[Round "1"]
[White "Liencam2"]
[Black "Andregor"]
[WhiteElo "2300"]
[BlackElo "2490"]
[Result "1-0"]
[Round "1"]
1.e4 e6
2.d4 d5
3.Nb1d2 Ng8f6
4.Bf1d3 c5
5.e5 Nf6d7
6.c3 Nb8c6
7.Ng1f3 cxd4
8.cxd4 Qd8b6
9.O-O a5
10.Nd2b1 Nc6xd4
11.Nf3xd4 Qb6xd4
12.Nb1c3 Bf8c5
13.Nc3b5 Qd4xe5
14.Rf1e1 Qe5b8
15.Qd1g4 O-O
16.Bc1h6 g6
17.Bh6xf8 Bc5xf8
18.Ra1c1 Nd7c5
19.Bd3f1 b6
20.Qg4g5 Bc8b7
21.a3 a4
22.Re1e3 Bf8g7
23.Qg5e7 d4
24.Re3h3 Qb8d8
25.Qe7d6 Bb7e4
26.Qd6f4 Be4f5
27.g4 e5
28.Qf4g3 Bf5e6
29.Qg3g2 Be6d5
30.Qg2g3 Qd8d7
31.g5 Bd5c6
32.Qg3h4 Bc6xb5
33.Qh4xh7 Kf8
34.Rh3f3 Bb5xf1
35.Rc1xf1 Qd7d5
36.Qh7h3 e4
{ time. }
1-0

[Event "Match"]
[Site "www.echecsemail.com"]
[Date "2017.07.31"]
[Round "1"]
[White "Ssharp"]
[Black "Bojan"]
[WhiteElo "2330"]
[BlackElo "2040"]
[Result "1-0"]
[Round "1"]
1.e4 e5
2.f4 exf4
3.Ng1f3 d5
4.exd5 Qd8xd5
5.Nb1c3 Qd5d8
6.Bf1e2 c6
7.d4 Qd8c7
8.O-O h6
9.Nf3e5 Ng8f6
10.Bc1xf4 Bf8d6
11.Qd1d2 Bc8f5
12.Ra1e1 Nb8d7
13.Be2c4 Bf5e6
14.Ne5xf7 { resign }
1-0

[Event "Match"]
[Site "www.echecsemail.com"]
[Date "2017.07.31"]
[Round "1"]
[White "Matthias"]
[Black "Cjood"]
[WhiteElo "1159"]
[BlackElo "1910"]
[Result "0-1"]
[Round "1"]
1.e4 e5
2.Ng1f3 Nb8c6
3.d4 exd4
4.Nf3xd4 Nc6xd4
5.Qd1xd4 Qd8f6
6.c3 Qf6xd4
7.cxd4 b6
8.f3 Bc8b7
9.d5 f5
10.Bf1d3 fxe4
11.Bd3xe4 Bb7a6
12.d6 c6
13.Be4xc6 dxc6
14.Bc1f4 O-O-O
15.Nb1c3 Bf8xd6
16.Bf4xd6 Rd8xd6
17.Ra1d1 Rd6e6
18.Nc3e4 Ng8f6
19.Rd1d6 Rh8e8
20.Rd6xe6 Re8xe6
21.Kf2 Nf6xe4
22.fxe4 Re6xe4
23.Rh1e1 Re4xe1
24.Kxe1 Kd7
25.g4 Kd6
26.g5 h5
27.g6 Ba6d3
28.Kf2 Bd3xg6
29.Kg3 a5
30.Kf4 Ke6
31.Kg5 Bg6b1
32.a3 g6
33.h4 Kd5
34.Kf4 Kc4
35.Ke3 Kb3
{ resign }
0-1

[Event "Match"]
[Site "www.echecsemail.com"]
[Date "2017.07.31"]
[Round "1"]
[White "52maurice"]
[Black "86eamon"]
[WhiteElo "1490"]
[BlackElo "1650"]
[Result "0-1"]
[Round "1"]
1.a4 g5
2.b3 Bf8g7
3.Ra1a3 a5
4.g4 b6
5.Bf1g2 d5
6.h3 Bg7e5
7.d4 Be5d6
8.Nb1c3 Bd6xa3
9.Bc1xa3 e6
10.Nc3b5 c6
11.Nb5c3 b5
12.axb5 cxb5
13.Nc3xb5 Qd8b6
14.Nb5d6 Kd7
15.Nd6xf7 a4
16.b4 Nb8c6
17.c3 Bc8a6
18.Nf7xh8 Ra8f8
19.f3 Ba6c4
20.Qd1xa4 Qb6b8
21.Nh8g6 Qb8g3
22.Kf1 hxg6
23.b5 Bc4xb5
24.Qa4b3 Rf8b8
25.h4 gxh4
26.Rh1h3 Bb5xe2
27.Ng1xe2 Rb8xb3
28.Ne2xg3 hxg3
29.Rh3h7 Ng8e7
30.Ba3xe7 Nc6xe7
31.Ke2 Rb3xc3
32.Kf1 Rc3d3
33.f4 Rd3xd4
34.f5 Rd4f4
35.Kg1 gxf5
36.g5 d4
37.g6 Rf4g4
38.g7 d3
39.Bg2f3 Rg4g5
40.Bf3d1 f4
41.Bd1a4 Kd6
42.Kf1 g2
43.Kg1 f3
44.Ba4d1 f2
45.Kxf2 g1Q
46.Kf3 Qg1xd1
47.Ke3 d2
48.Kf4 Qd1g4
49.Ke3 d1Q
50.Rh7h8 Qg4d4
{ resign }
0-1

[Event "Match"]
[Site "www.echecsemail.com"]
[Date "2017.07.31"]
[Round "1"]
[White "Hundegana"]
[Black "Said1991"]
[WhiteElo "2050"]
[BlackElo "1809"]
[Result "1-0"]
[Round "1"]
1.e4 c5
2.f4 Nb8c6
3.d3 d6
4.h3 e6
5.Ng1f3 Ng8f6
6.g4 d5
7.e5 Nf6d7
8.c3 Bf8e7
9.Bc1e3 O-O
10.Bf1e2 f6
11.exf6 Nd7xf6
12.O-O d4
13.cxd4 cxd4
14.Be3f2 Nf6d5
15.f5 Nd5e3
16.Bf2xe3 dxe3
17.Qd1b3 Qd8d5
18.Nb1c3 Qd5xb3
19.axb3 exf5
20.Nc3d5 f4
21.Nd5xe7 Nc6xe7
22.Rf1c1 Ne7c6
23.Ra1a4 Bc8e6
24.b4 a6
25.d4 Ra8d8
26.b5 axb5
27.Be2xb5 Be6d5
28.Bb5c4 Nc6e7
29.Bc4xd5 Ne7xd5
30.Ra4a7 Rd8d7
31.Kf1 Rf8d8
32.Ke2 h6
33.Nf3e5 Rd7e7
34.h4 Rd8f8
35.Kf3 Rf8f6
36.g5 hxg5
37.hxg5 Rf6d6
38.Ra7a8 Kh7
39.Rc1h1 Rd6h6
40.gxh6 gxh6
41.Ke4 Nd5b6
42.Ra8f8 Nb6c4
43.b3 Nc4d2
44.Kxf4 e2
45.Rf8f7 Re7xf7
46.Ne5xf7 Nd2xb3
47.d5 Nb3d4
48.Ke3 e1Q
49.Rh1xe1 Nd4c2
50.Kd2  { time }
1-0

[Event "Match"]
[Site "www.echecsemail.com"]
[Date "2017.07.31"]
[Round "1"]
[White "Menace"]
[Black "Markos123"]
[WhiteElo "2310"]
[BlackElo "1810"]
[Result "1-0"]
[Round "1"]
1.e4 e5
2.f4 Nb8c6
3.Bf1c4 exf4
4.Ng1f3 g6
5.d4 Ng8f6
6.O-O Nf6xe4
7.Qd1e2 d5
8.Bc4b3 g5
9.Nb1c3 Bc8e6
10.Nc3xe4 dxe4
11.Nf3xg5 Nc6xd4
12.Qe2xe4 Qd8xg5
13.Qe4xd4 Bf8c5
14.Bc1xf4 Qg5f5
15.Bf4e5 Bc5xd4
16.Be5xd4 O-O
17.Rf1xf5 Be6xf5
18.Ra1f1 Bf5e6
19.Rf1f3 Rf8e8
20.Rf3g3 Kf8
21.Bd4c5 Re8e7
22.Bb3xe6 fxe6
23.Bc5xe7 Kxe7
24.Rg3g7 Kd6
25.Rg7xh7 Ra8e8
26.Rh7h4 c5
27.c4 Kc6
28.Rh4e4 a6
29.a4 b6
30.b3 e5
31.g4 Kd6
32.Kg2 Re8f8
33.h4 Ke6
34.h5 Rf8d8
35.Kh3 Kf6
36.Kh4 Rd8g8
37.h6 Kg6
38.Re4xe5 Rg8d8
39.Re5e6 Kf7
40.Re6xb6 Rd8d3
41.Rb6xa6 Kg8
42.Ra6a7 Rd3xb3
43.g5 Rb3b4
44.g6 Rb4xc4
45.Kg5 Rc4c1
46.Ra7a8 { resign }
1-0

[Event "1/64 Finale"]
[Site "www.chess-mail.com"]
[Date "2017.07.31"]
[Round "1"]
[White "Madz123456"]
[Black "Mitja"]
[WhiteElo "1940"]
[BlackElo "2050"]
[Result "0-1"]
[Round "1"]
1.e4 d5
2.exd5 Qd8xd5
3.Nb1c3 Qd5d8
4.d4 e6
5.Ng1f3 h6
6.Nc3e4 c6
7.Bf1d3 Ng8f6
8.Ne4xf6 Qd8xf6
9.c3 b6
10.Nf3e5 Bc8b7
11.O-O Bf8d6
12.f4 Nb8d7
13.Qd1g4 O-O-O
14.b4 Rd8g8
15.a4 Qf6e7
16.Qg4f3 Nd7xe5
17.fxe5 Bd6c7
18.Qf3xf7 Qe7xf7
19.Rf1xf7 g5
20.Bd3c4 Rg8e8
 { time }
0-1